Animaux - lettre H - Statistiques

Statistiques générales
  • Ce quiz a été pris 127 fois
  • Le résultat moyen est 11 sur 16
Statistiques - réponses
Par images Réponse % Correct
Hérisson
100%
Hibou
100%
Hippopotame
99%
Hippocampe
97%
Hyène
97%
Huître
96%
Hamster
83%
Héron
82%
Homard
74%
Hareng
72%
Hirondelle
62%
Hermine
61%
Harfang
35%
Hanneton
34%
Huppe
27%
Hydre
4%
Aucun quiz correspondant
Distribution des résultats
% des personnes avec chaque résultat
Percentile par nombre de réponses
Votre historique - résultats
Vous n’avez pas pris ce quiz